000 00638nam a2200241 i 4500
001 C2-0077776
003 PPAK
005 20180727082821.0
008 970429s1992 my a|||| ||||| | may d
020 _a9839665391
040 _aPPAK
_beng
_cPPAK
_erda
082 0 4 _a550.2
_223
090 0 0 _a550.2
_bLIM
_dK
100 1 _aLim, Teh Eng,
_eauthor
245 1 0 _aBumi kita
264 1 _aPetaling Jaya, Selangor :
_bPrisma ,
_c1992
300 _a70 pages :
_billustrations ;
_c22 cm
336 _2rdacontent
_atext
337 _2rdamedia
_aunmediated
338 _2rdacarrier
_avolume
650 1 0 _aEarth - Miscellanea
942 _ddc
_cB
999 _c12685
_d12685